Fast Typing to 35 - Statistics

General Stats
  • This quiz has been taken 4,836 times
  • The average score is 26 of 35
Answer Stats
Hint Answer % Correct
1
100%
2
98%
3
98%
4
97%
5
97%
6
96%
7
96%
8
95%
9
95%
10
91%
11
89%
12
88%
13
86%
14
86%
15
85%
16
84%
17
83%
18
82%
19
79%
21
77%
20
76%
22
71%
23
68%
24
65%
25
63%
26
61%
27
59%
28
55%
29
53%
30
47%
31
46%
32
42%
33
34%
34
31%
35
28%
No matching quizzes found
Score Distribution
Percent of People with Each Score
Percentile by Number Answered
Your Score History
You have not taken this quiz